[Event "European Online Club-ch-C 2021"]
[Site "Online"]
[Date "2021.03.27"]
[Round "5.12"]
[White "Shimanov, Aleksandr"]
[Black "Colbow, Collin"]
[Result "1-0"]
[WhiteElo "2597"]
[BlackElo "2339"]
[Annotator "ChessBase"]
[PlyCount "61"]
[EventDate "2021.03.27"]
[EventType "team-tourn"]
[EventCountry "NET"]
[SourceTitle "playchess.com"]
[Source "ChessBase"]
[SourceQuality "1"]
[TimeControl "900+5"]

1. c4 {[%emt 0:00:00]} c5 {[%emt 0:00:07]} 2. Nf3 {[%emt 0:00:22]} g6 {[%emt 0:00:03]} 3. d4 {[%emt 0:00:29]} Bg7 {[%emt 0:00:04]} 4. e4 {[%emt 0:00:11]} d6 {[%emt 0:00:05]} 5. d5 {[%emt 0:00:37]} e5 {[%emt 0:01:00]} 6. Nc3 {[%emt 0:00:42]} Ne7 {[%emt 0:00:13]} 7. h3 {[%emt 0:01:48]} O-O {[%emt 0:01:09]} 8. g4 {[%emt 0:00:07]} f5 {[%emt 0:01:25]} 9. Rg1 {[%emt 0:00:27]} fxe4 {[%emt 0:01:20]} 10. Ng5 {[%emt 0:00:56]} Na6 {[%emt 0:00:24]} 11. Ngxe4 {[%emt 0:00:14]} Nc7 {[%emt 0:00:11]} 12. Be3 {[%emt 0:00:37]} Rb8 {[%emt 0:02:39]} 13. Qd2 {[%emt 0:00:26]} a6 {[%emt 0:01:19]} 14. a4 {[%emt 0:00:03]} b5 {[%emt 0:00:55]} 15. axb5 {[%emt 0:00:15]} axb5 {[%emt 0:00:03]} 16. cxb5 {[%emt 0:00:01]} Bb7 {[%emt 0:00:18]} 17. Bc4 {[%emt 0:00:06]} Nc8 {[%emt 0:00:54]} 18. b3 {[%emt 0:01:32]} Nb6 {[%emt 0:01:12]} 19. Ra7 {[%emt 0:00:21]} Qd7 {[%emt 0:00:37]} 20. Kd1 {[%emt 0:00:48]} Nc8 {[%emt 0:00:09]} 21. Ra1 {[%emt 0:00:11]} Qf7 {[%emt 0:00:31]} 22. Kc2 {[%emt 0:00:09]} Rd8 {[%emt 0:00:35]} 23. Ng5 {[%emt 0:00:48]} Qf8 {[%emt 0:00:49]} 24. h4 {[%emt 0:00:16]} Nb6 {[%emt 0:00:30]} 25. Nge4 {[%emt 0:01:23]} Ra8 {[%emt 0:00:11]} 26. Na4 {[%emt 0:00:43]} Nxc4 {[%emt 0:00:18]} 27. bxc4 {[%emt 0:00:01]} Bc8 {[%emt 0:00:02]} 28. Qe2 {[%emt 0:00:21]} h6 {[%emt 0:00:07]} 29. Nb6 {[%emt 0:00:11]} Rxa1 {[%emt 0:00:03]} 30. Rxa1 {[%emt 0:00:01]} Bb7 {[%emt 0:00:12]} 31. Ra7 {[%emt 0:00:03]} 1-0

[Event "European Online Club-ch-C 2021"]
[Site "Online"]
[Date "2021.03.27"]
[Round "5.13"]
[White "Markoja, Boris"]
[Black "Wirig, Anthony"]
[Result "1/2-1/2"]
[WhiteElo "2439"]
[BlackElo "2500"]
[Annotator "ChessBase"]
[PlyCount "96"]
[EventDate "2021.03.27"]
[EventType "team-tourn"]
[EventCountry "NET"]
[SourceTitle "playchess.com"]
[Source "ChessBase"]
[SourceQuality "1"]
[TimeControl "900+5"]

1. d4 {[%emt 0:00:00]} Nf6 {[%emt 0:00:13]} 2. c4 {[%emt 0:00:03]} e6 {[%emt 0:00:11]} 3. g3 {[%emt 0:00:05]} Bb4+ {[%emt 0:00:04]} 4. Nd2 {[%emt 0:00:14]} d5 {[%emt 0:00:21]} 5. Ngf3 {[%emt 0:00:06]} O-O {[%emt 0:00:13]} 6. Bg2 {[%emt 0:00:02]} b6 {[%emt 0:00:55]} 7. O-O {[%emt 0:00:03]} Bb7 {[%emt 0:00:09]} 8. Ne5 {[%emt 0:00:11]} Nbd7 {[%emt 0:00:32]} 9. Qa4 {[%emt 0:00:17]} Bxd2 {[%emt 0:00:31]} 10. Bxd2 {[%emt 0:01:15]} Nxe5 {[%emt 0:00:12]} 11. dxe5 {[%emt 0:00:03]} Nd7 {[%emt 0:02:03]} 12. cxd5 {[%emt 0:02:35]} Bxd5 {[%emt 0:00:50]} 13. Bc3 {[%emt 0:03:39]} Nc5 {[%emt 0:00:40]} 14. Qd4 {[%emt 0:00:19]} Bxg2 {[%emt 0:00:25]} 15. Kxg2 {[%emt 0:00:29]} Qxd4 {[%emt 0:02:01]} 16. Bxd4 {[%emt 0:00:04]} Na6 {[%emt 0:00:02]} 17. Rfd1 {[%emt 0:00:35]} Rfd8 {[%emt 0:00:17]} 18. Bc3 {[%emt 0:00:20]} c5 {[%emt 0:00:19]} 19. a4 {[%emt 0:00:47]} Kf8 {[%emt 0:00:21]} 20. e4 {[%emt 0:00:17]} Ke7 {[%emt 0:00:29]} 21. Rd6 {[%emt 0:00:14]} Nc7 {[%emt 0:02:14]} 22. b4 {[%emt 0:01:38]} Rxd6 {[%emt 0:01:48]} 23. exd6+ {[%emt 0:00:02]} Kxd6 {[%emt 0:00:01]} 24. Rd1+ {[%emt 0:00:17]} Ke7 {[%emt 0:00:09]} 25. bxc5 {[%emt 0:00:03]} bxc5 {[%emt 0:00:07]} 26. Bxg7 {[%emt 0:00:07]} Na6 {[%emt 0:00:53]} 27. Be5 {[%emt 0:00:49]} Rc8 {[%emt 0:00:05]} 28. Bd6+ {[%emt 0:00:06]} Kf6 {[%emt 0:00:24]} 29. e5+ {[%emt 0:00:17]} Kg6 {[%emt 0:00:12]} 30. Rc1 {[%emt 0:00:10]} c4 {[%emt 0:00:04]} 31. f4 {[%emt 0:00:20]} Rc6 {[%emt 0:00:10]} 32. Kf3 {[%emt 0:00:09]} Nc7 {[%emt 0:00:03]} 33. Bxc7 {[%emt 0:00:11]} Rxc7 {[%emt 0:00:01]} 34. Rc3 {[%emt 0:00:01]} h5 {[%emt 0:00:20]} 35. Ke4 {[%emt 0:00:03]} Rc8 {[%emt 0:00:17]} 36. h3 {[%emt 0:00:27]} Rc7 {[%emt 0:00:03]} 37. Kd4 {[%emt 0:00:25]} Kf5 {[%emt 0:00:02]} 38. Ke3 {[%emt 0:00:25]} f6 {[%emt 0:00:14]} 39. exf6 {[%emt 0:00:06]} Kxf6 {[%emt 0:00:02]} 40. g4 {[%emt 0:00:04]} hxg4 {[%emt 0:00:05]} 41. hxg4 {[%emt 0:00:02]} e5 {[%emt 0:00:13]} 42. Ke4 {[%emt 0:00:26]} exf4 {[%emt 0:00:03]} 43. Kxf4 {[%emt 0:00:00]} Ke6 {[%emt 0:00:05]} 44. Ke4 {[%emt 0:00:05]} Rg7 {[%emt 0:00:07]} 45. Rxc4 {[%emt 0:00:06]} Rxg4+ {[%emt 0:00:02]} 46. Kd3 {[%emt 0:00:00]} Rxc4 {[%emt 0:00:07]} 47. Kxc4 {[%emt 0:00:02]} Kd6 {[%emt 0:00:01]} 48. Kb5 {[%emt 0:00:02]} Kc7 {[%emt 0:00:01]} 1/2-1/2

[Event "European Online Club-ch-C 2021"]
[Site "Online"]
[Date "2021.03.27"]
[Round "5.14"]
[White "Micottis, Dorian"]
[Black "Subelj, Jan"]
[Result "0-1"]
[WhiteElo "2223"]
[BlackElo "2418"]
[Annotator "NA"]
[PlyCount "106"]
[EventDate "2021.03.27"]
[EventType "team-tourn"]
[EventCountry "NET"]
[SourceTitle "playchess.com"]
[Source "ChessBase"]
[SourceQuality "1"]
[TimeControl "900+5"]

1. e4 {[%emt 0:00:00]} c6 {[%emt 0:00:12]} 2. d4 {[%emt 0:00:42]} d5 {[%emt 0:00:06]} 3. exd5 {[%emt 0:00:13]} cxd5 {[%emt 0:00:03]} 4. Bd3 {[%emt 0:00:06]} Nc6 {[%emt 0:00:02]} 5. c3 {[%emt 0:00:01]} Nf6 {[%emt 0:00:04]} 6. Bf4 {[%emt 0:00:18]} Bg4 {[%emt 0:01:07]} 7. Qb3 {[%emt 0:00:57]} e5 {[%emt 0:01:14]} 8. dxe5 {[%emt 0:01:26]} Nh5 {[%emt 0:00:06]} 9. Be3 {[%emt 0:01:33]} Nxe5 {[%emt 0:00:04]} 10. Bb5+ {[%emt 0:00:11]} Nc6 {[%emt 0:00:06]} 11. h3 {[%emt 0:01:38]} Be6 {[%emt 0:00:59]} 12. Qd1 {[%emt 0:00:04]} Nf6 {[%emt 0:00:22]} 13. Nf3 {[%emt 0:00:24]} a6 {[%emt 0:00:29]} 14. Be2 {[%emt 0:00:16]} Bd6 {[%emt 0:00:16]} 15. O-O {[%emt 0:00:12]} O-O {[%emt 0:00:07]} 16. Nbd2 {[%emt 0:00:12]} Nh5 {[%emt 0:03:09]} 17. Re1 {[%emt 0:02:54]} Nf4 {[%emt 0:00:03]} 18. Bf1 {[%emt 0:00:01]} Bf5 {[%emt 0:03:13]} 19. Nd4 {[%emt 0:01:11]} Nxd4 {[%emt 0:00:26]} 20. Bxd4 {[%emt 0:00:01]} Qg5 {[%emt 0:00:17]} 21. Kh1 {[%emt 0:02:46]} Nxh3 {[%emt 0:00:04]} 22. gxh3 {[%emt 0:00:01]} Qf4 {[%emt 0:00:02]} 23. Nf3 {[%emt 0:00:10]} Be4 {[%emt 0:00:03]} 24. Rxe4 {[%emt 0:00:58]} dxe4 {[%emt 0:00:03]} 25. Be3 {[%emt 0:00:43]} Qxf3+ {[%emt 0:00:03]} 26. Qxf3 {[%emt 0:00:01]} exf3 {[%emt 0:00:03]} 27. Bd3 {[%emt 0:00:03]} Rfe8 {[%emt 0:00:09]} 28. Bc4 {[%emt 0:00:08]} Re5 {[%emt 0:00:38]} 29. Rd1 {[%emt 0:00:03]} Bf8 {[%emt 0:00:09]} 30. Bd5 {[%emt 0:00:03]} Re7 {[%emt 0:01:00]} 31. Bxf3 {[%emt 0:00:04]} Rc8 {[%emt 0:00:08]} 32. Bd5 {[%emt 0:00:05]} Rd7 {[%emt 0:00:05]} 33. Bf3 {[%emt 0:00:14]} Rxd1+ {[%emt 0:00:03]} 34. Bxd1 {[%emt 0:00:01]} Bc5 {[%emt 0:00:02]} 35. Bf3 {[%emt 0:00:07]} Bxe3 {[%emt 0:00:03]} 36. fxe3 {[%emt 0:00:01]} Rc7 {[%emt 0:00:02]} 37. Bd5 {[%emt 0:00:02]} b6 {[%emt 0:00:02]} 38. Kg2 {[%emt 0:00:03]} a5 {[%emt 0:00:02]} 39. c4 {[%emt 0:00:03]} Kf8 {[%emt 0:00:01]} 40. a3 {[%emt 0:00:06]} Ke7 {[%emt 0:00:08]} 41. b4 {[%emt 0:00:01]} axb4 {[%emt 0:00:03]} 42. axb4 {[%emt 0:00:01]} Kd6 {[%emt 0:00:01]} 43. e4 {[%emt 0:00:10]} Ke5 {[%emt 0:00:02]} 44. Kf3 {[%emt 0:00:03]} f5 {[%emt 0:00:31]} 45. exf5 {[%emt 0:00:02]} b5 {[%emt 0:00:02]} 46. h4 {[%emt 0:00:25]} bxc4 {[%emt 0:00:03]} 47. Be4 {[%emt 0:00:01]} c3 {[%emt 0:00:02]} 48. Bc2 {[%emt 0:00:02]} h6 {[%emt 0:00:10]} 49. h5 {[%emt 0:00:07]} Rb7 {[%emt 0:00:02]} 50. Ke3 {[%emt 0:00:06]} Rxb4 {[%emt 0:00:02]} 51. Kd3 {[%emt 0:00:01]} Rh4 {[%emt 0:00:02]} 52. Bd1 {[%emt 0:00:03]} Rh3+ {[%emt 0:00:06]} 53. Kc2 {[%emt 0:00:02]} Kxf5 {[%emt 0:00:02]} 0-1

[Event "European Online Club-ch-C 2021"]
[Site "Online"]
[Date "2021.03.27"]
[Round "5.15"]
[White "Skuhala, Jernej"]
[Black "Bruch, Jochen"]
[Result "1-0"]
[WhiteElo "2351"]
[BlackElo "2187"]
[Annotator "NA"]
[PlyCount "63"]
[EventDate "2021.03.27"]
[EventType "team-tourn"]
[EventCountry "NET"]
[SourceTitle "playchess.com"]
[Source "ChessBase"]
[SourceQuality "1"]
[TimeControl "900+5"]

1. e4 {[%emt 0:00:02]} c5 {[%emt 0:02:00]} 2. Nf3 {[%emt 0:00:06]} e6 {[%emt 0:00:03]} 3. d4 {[%emt 0:00:02]} cxd4 {[%emt 0:00:03]} 4. Nxd4 {[%emt 0:00:17]} Nf6 {[%emt 0:00:04]} 5. Nc3 {[%emt 0:00:01]} d6 {[%emt 0:00:03]} 6. g4 {[%emt 0:00:08]} h6 {[%emt 0:00:02]} 7. Rg1 {[%emt 0:00:02]} Nc6 {[%emt 0:00:03]} 8. Be3 {[%emt 0:00:02]} Be7 {[%emt 0:00:04]} 9. f3 {[%emt 0:00:05]} a6 {[%emt 0:00:06]} 10. Qd2 {[%emt 0:00:03]} Qc7 {[%emt 0:00:06]} 11. O-O-O {[%emt 0:00:10]} Bd7 {[%emt 0:00:05]} 12. Kb1 {[%emt 0:00:05]} Ne5 {[%emt 0:00:19]} 13. h4 {[%emt 0:00:26]} Nc4 {[%emt 0:00:30]} 14. Bxc4 {[%emt 0:00:03]} Qxc4 {[%emt 0:00:03]} 15. g5 {[%emt 0:00:02]} hxg5 {[%emt 0:00:12]} 16. hxg5 {[%emt 0:00:03]} Nh5 {[%emt 0:00:03]} 17. Rh1 {[%emt 0:00:04]} g6 {[%emt 0:00:04]} 18. f4 {[%emt 0:00:34]} O-O-O {[%emt 0:00:28]} 19. f5 {[%emt 0:00:09]} Ng3 {[%emt 0:00:33]} 20. Rhg1 {[%emt 0:00:19]} Nh5 {[%emt 0:00:31]} 21. f6 {[%emt 0:00:24]} Bf8 {[%emt 0:00:05]} 22. Nb3 {[%emt 0:00:14]} Qc7 {[%emt 0:00:10]} 23. Qf2 {[%emt 0:00:17]} Re8 {[%emt 0:00:22]} 24. Bb6 {[%emt 0:00:03]} Qb8 {[%emt 0:00:03]} 25. Qd4 {[%emt 0:00:04]} Bc6 {[%emt 0:00:04]} 26. Na5 {[%emt 0:00:04]} Nf4 {[%emt 0:00:30]} 27. Nc4 {[%emt 0:00:43]} d5 {[%emt 0:03:55]} 28. Ba5 {[%emt 0:00:13]} Bc5 {[%emt 0:00:58]} 29. Qxc5 {[%emt 0:00:07]} dxc4 {[%emt 0:00:03]} 30. Na4 {[%emt 0:00:02]} Ne2 {[%emt 0:00:53]} 31. Nb6+ {[%emt 0:00:30]} Kc7 {[%emt 0:00:04]} 32. Rd7# {[%emt 0:00:03]} 1-0

[Event "European Online Club-ch-C 2021"]
[Site "Online"]
[Date "2021.03.27"]
[Round "5.16"]
[White "Kirsch, Laurent"]
[Black "Marn, Jan"]
[Result "0-1"]
[WhiteElo "2120"]
[BlackElo "2346"]
[Annotator "NA"]
[PlyCount "68"]
[EventDate "2021.03.27"]
[EventType "team-tourn"]
[EventCountry "NET"]
[SourceTitle "playchess.com"]
[Source "ChessBase"]
[SourceQuality "1"]
[TimeControl "900+5"]

1. d4 {[%emt 0:00:00]} d5 {[%emt 0:00:02]} 2. c4 {[%emt 0:00:03]} e6 {[%emt 0:00:02]} 3. Nc3 {[%emt 0:00:02]} c6 {[%emt 0:00:02]} 4. e3 {[%emt 0:00:03]} Bd6 {[%emt 0:00:11]} 5. Bd3 {[%emt 0:00:19]} f5 {[%emt 0:00:03]} 6. Nge2 {[%emt 0:00:03]} Nf6 {[%emt 0:00:04]} 7. f3 {[%emt 0:00:03]} O-O {[%emt 0:00:13]} 8. O-O {[%emt 0:00:04]} Nbd7 {[%emt 0:00:22]} 9. Bd2 {[%emt 0:00:08]} b6 {[%emt 0:01:44]} 10. cxd5 {[%emt 0:00:54]} Nxd5 {[%emt 0:02:45]} 11. e4 {[%emt 0:00:57]} fxe4 {[%emt 0:00:30]} 12. fxe4 {[%emt 0:00:37]} Nxc3 {[%emt 0:00:35]} 13. Nxc3 {[%emt 0:00:18]} e5 {[%emt 0:00:39]} 14. Bc4+ {[%emt 0:01:41]} Kh8 {[%emt 0:00:08]} 15. d5 {[%emt 0:00:26]} Bb7 {[%emt 0:02:44]} 16. dxc6 {[%emt 0:02:03]} Bxc6 {[%emt 0:00:05]} 17. Bd5 {[%emt 0:00:08]} Bxd5 {[%emt 0:00:26]} 18. Nxd5 {[%emt 0:00:04]} Nc5 {[%emt 0:00:04]} 19. Qg4 {[%emt 0:00:21]} Qd7 {[%emt 0:00:45]} 20. Qh4 {[%emt 0:00:28]} Nd3 {[%emt 0:01:11]} 21. b4 {[%emt 0:00:58]} Nxb4 {[%emt 0:00:36]} 22. Bxb4 {[%emt 0:01:35]} Bxb4 {[%emt 0:00:04]} 23. Rad1 {[%emt 0:01:09]} Bc5+ {[%emt 0:00:49]} 24. Kh1 {[%emt 0:00:05]} Qb5 {[%emt 0:00:06]} 25. Rxf8+ {[%emt 0:01:03]} Rxf8 {[%emt 0:00:14]} 26. Qe1 {[%emt 0:00:44]} h6 {[%emt 0:00:17]} 27. h3 {[%emt 0:01:02]} Rf2 {[%emt 0:00:11]} 28. Qc3 {[%emt 0:00:45]} Rf1+ {[%emt 0:00:32]} 29. Rxf1 {[%emt 0:00:03]} Qxf1+ {[%emt 0:00:00]} 30. Kh2 {[%emt 0:00:01]} Bg1+ {[%emt 0:01:06]} 31. Kg3 {[%emt 0:00:04]} Qf2+ {[%emt 0:00:01]} 32. Kg4 {[%emt 0:00:12]} Qxg2+ {[%emt 0:00:02]} 33. Kf5 {[%emt 0:00:06]} Bd4 {[%emt 0:00:17]} 34. Qc8+ {[%emt 0:00:56]} Kh7 {[%emt 0:00:03]} 0-1

[Event "European Online Club-ch-C 2021"]
[Site "Online"]
[Date "2021.03.27"]
[Round "5.17"]
[White "Vedmediuc, Serghei"]
[Black "Braun, Christian"]
[Result "1-0"]
[WhiteElo "2464"]
[BlackElo "2409"]
[Annotator "ChessBase"]
[PlyCount "69"]
[EventDate "2021.03.27"]
[EventType "team-tourn"]
[EventCountry "NET"]
[SourceTitle "playchess.com"]
[Source "ChessBase"]
[SourceQuality "1"]
[TimeControl "900+5"]

1. e4 {[%emt 0:02:29]} e6 {[%emt 0:00:08]} 2. d4 {[%emt 0:00:11]} d5 {[%emt 0:00:05]} 3. Nc3 {[%emt 0:00:59]} Nf6 {[%emt 0:00:15]} 4. e5 {[%emt 0:02:04]} Nfd7 {[%emt 0:00:05]} 5. f4 {[%emt 0:00:27]} c5 {[%emt 0:00:08]} 6. Nf3 {[%emt 0:00:29]} Nc6 {[%emt 0:00:14]} 7. Be3 {[%emt 0:00:35]} a6 {[%emt 0:00:03]} 8. Qd2 {[%emt 0:00:37]} Be7 {[%emt 0:00:03]} 9. dxc5 {[%emt 0:00:16]} Nxc5 {[%emt 0:00:03]} 10. Qf2 {[%emt 0:00:06]} Qa5 {[%emt 0:00:14]} 11. Bd3 {[%emt 0:00:28]} Na4 {[%emt 0:02:39]} 12. O-O {[%emt 0:00:23]} Nxb2 {[%emt 0:00:48]} 13. Ne2 {[%emt 0:00:29]} Nxd3 {[%emt 0:00:52]} 14. cxd3 {[%emt 0:00:03]} d4 {[%emt 0:00:07]} 15. Nexd4 {[%emt 0:00:12]} Nxd4 {[%emt 0:00:13]} 16. Nxd4 {[%emt 0:00:09]} O-O {[%emt 0:00:02]} 17. Nb3 {[%emt 0:00:09]} Qd5 {[%emt 0:00:19]} 18. Bc5 {[%emt 0:00:26]} Bxc5 {[%emt 0:00:42]} 19. Qxc5 {[%emt 0:00:19]} Qxc5+ {[%emt 0:01:54]} 20. Nxc5 {[%emt 0:00:05]} b6 {[%emt 0:00:00]} 21. Ne4 {[%emt 0:00:05]} Bb7 {[%emt 0:00:16]} 22. Nd6 {[%emt 0:00:04]} Bd5 {[%emt 0:00:01]} 23. a3 {[%emt 0:00:11]} f6 {[%emt 0:00:15]} 24. d4 {[%emt 0:00:14]} fxe5 {[%emt 0:00:11]} 25. dxe5 {[%emt 0:00:14]} b5 {[%emt 0:00:11]} 26. g3 {[%emt 0:00:17]} Rab8 {[%emt 0:00:51]} 27. Rab1 {[%emt 0:00:05]} h6 {[%emt 0:00:30]} 28. Kf2 {[%emt 0:00:23]} Rb6 {[%emt 0:00:12]} 29. Rfc1 {[%emt 0:00:06]} Rc6 {[%emt 0:00:18]} 30. Rxc6 {[%emt 0:00:06]} Bxc6 {[%emt 0:00:00]} 31. Ke3 {[%emt 0:00:10]} g5 {[%emt 0:00:24]} 32. h4 {[%emt 0:00:14]} Rb8 {[%emt 0:00:41]} 33. Kd4 {[%emt 0:00:19]} Bd7 {[%emt 0:00:52]} 34. fxg5 {[%emt 0:00:10]} hxg5 {[%emt 0:00:00]} 35. Ne4 {[%emt 0:00:13]} 1-0

[Event "European Online Club-ch-C 2021"]
[Site "Online"]
[Date "2021.03.27"]
[Round "5.18"]
[White "Lenaerts, Lennert"]
[Black "Le Goff, Ronan"]
[Result "1-0"]
[WhiteElo "2357"]
[BlackElo "2288"]
[Annotator "NA"]
[PlyCount "111"]
[EventDate "2021.03.27"]
[EventType "team-tourn"]
[EventCountry "NET"]
[SourceTitle "playchess.com"]
[Source "ChessBase"]
[SourceQuality "1"]
[TimeControl "900+5"]

1. d4 {[%emt 0:00:00]} Nf6 {[%emt 0:00:04]} 2. c4 {[%emt 0:00:02]} e6 {[%emt 0:00:02]} 3. Nc3 {[%emt 0:00:02]} Bb4 {[%emt 0:00:03]} 4. g3 {[%emt 0:00:02]} O-O {[%emt 0:00:35]} 5. Bg2 {[%emt 0:00:04]} Bxc3+ {[%emt 0:00:02]} 6. bxc3 {[%emt 0:00:10]} d6 {[%emt 0:00:08]} 7. Nf3 {[%emt 0:00:07]} Nc6 {[%emt 0:00:08]} 8. O-O {[%emt 0:00:33]} e5 {[%emt 0:00:14]} 9. c5 {[%emt 0:00:13]} e4 {[%emt 0:00:32]} 10. Nd2 {[%emt 0:00:21]} d5 {[%emt 0:01:56]} 11. e3 {[%emt 0:00:18]} Re8 {[%emt 0:01:03]} 12. c4 {[%emt 0:00:05]} dxc4 {[%emt 0:00:42]} 13. Nxc4 {[%emt 0:00:04]} Qd5 {[%emt 0:00:25]} 14. Nd2 {[%emt 0:00:23]} Bg4 {[%emt 0:01:47]} 15. Qb3 {[%emt 0:00:20]} Qd7 {[%emt 0:00:17]} 16. Bb2 {[%emt 0:01:32]} Bh3 {[%emt 0:01:25]} 17. f3 {[%emt 0:01:07]} exf3 {[%emt 0:00:40]} 18. Nxf3 {[%emt 0:00:09]} Bxg2 {[%emt 0:00:31]} 19. Kxg2 {[%emt 0:00:02]} Qd5 {[%emt 0:01:35]} 20. Rae1 {[%emt 0:00:38]} Re4 {[%emt 0:00:30]} 21. Bc1 {[%emt 0:01:48]} Rae8 {[%emt 0:00:51]} 22. Qxd5 {[%emt 0:02:43]} Nxd5 {[%emt 0:00:03]} 23. Ng5 {[%emt 0:00:02]} R4e7 {[%emt 0:01:05]} 24. e4 {[%emt 0:00:45]} Nxd4 {[%emt 0:01:10]} 25. Rd1 {[%emt 0:00:06]} Rxe4 {[%emt 0:00:04]} 26. Nxe4 {[%emt 0:00:07]} Rxe4 {[%emt 0:00:00]} 27. Rfe1 {[%emt 0:00:42]} Rxe1 {[%emt 0:00:11]} 28. Rxe1 {[%emt 0:00:04]} Ne6 {[%emt 0:00:07]} 29. Ba3 {[%emt 0:00:11]} c6 {[%emt 0:00:31]} 30. Rb1 {[%emt 0:00:17]} b5 {[%emt 0:00:08]} 31. cxb6 {[%emt 0:00:12]} axb6 {[%emt 0:00:02]} 32. Bd6 {[%emt 0:00:06]} f6 {[%emt 0:00:17]} 33. Rc1 {[%emt 0:00:48]} c5 {[%emt 0:00:13]} 34. Kf3 {[%emt 0:00:08]} Kf7 {[%emt 0:00:03]} 35. Ke4 {[%emt 0:00:16]} Nb4 {[%emt 0:00:10]} 36. a3 {[%emt 0:00:06]} Ng5+ {[%emt 0:00:04]} 37. Ke3 {[%emt 0:00:20]} Nd5+ {[%emt 0:00:02]} 38. Ke2 {[%emt 0:00:04]} Ke6 {[%emt 0:00:12]} 39. Bb8 {[%emt 0:00:06]} Kd7 {[%emt 0:00:13]} 40. h4 {[%emt 0:00:11]} Ne6 {[%emt 0:00:05]} 41. Kf3 {[%emt 0:00:17]} Kc6 {[%emt 0:00:04]} 42. h5 {[%emt 0:00:18]} g6 {[%emt 0:00:04]} 43. h6 {[%emt 0:00:26]} f5 {[%emt 0:00:05]} 44. Re1 {[%emt 0:00:14]} Nd4+ {[%emt 0:00:01]} 45. Kg2 {[%emt 0:00:03]} Kd7 {[%emt 0:00:04]} 46. Bf4 {[%emt 0:00:26]} Nc2 {[%emt 0:00:05]} 47. Re2 {[%emt 0:00:09]} Nxa3 {[%emt 0:00:06]} 48. Ra2 {[%emt 0:00:02]} Nb5 {[%emt 0:00:05]} 49. Ra8 {[%emt 0:00:10]} c4 {[%emt 0:00:08]} 50. Rh8 {[%emt 0:00:19]} c3 {[%emt 0:00:08]} 51. Rxh7+ {[%emt 0:00:03]} Ke6 {[%emt 0:00:02]} 52. Bc1 {[%emt 0:00:15]} Nd6 {[%emt 0:00:06]} 53. Rg7 {[%emt 0:00:12]} Kf6 {[%emt 0:00:02]} 54. Rg8 {[%emt 0:00:02]} b5 {[%emt 0:00:04]} 55. h7 {[%emt 0:00:03]} Nf7 {[%emt 0:00:02]} 56. Rf8 {[%emt 0:00:07]} 1-0

[Event "European Online Club-ch-C 2021"]
[Site "Online"]
[Date "2021.03.27"]
[Round "5.19"]
[White "Bouget, Alexandre"]
[Black "Van Meegen, Ruud"]
[Result "1-0"]
[WhiteElo "2247"]
[BlackElo "2295"]
[Annotator "NA"]
[PlyCount "97"]
[EventDate "2021.03.27"]
[EventType "team-tourn"]
[EventCountry "NET"]
[SourceTitle "playchess.com"]
[Source "ChessBase"]
[SourceQuality "1"]
[TimeControl "900+5"]

1. d4 {[%emt 0:00:00]} Nf6 {[%emt 0:00:04]} 2. c4 {[%emt 0:00:03]} e6 {[%emt 0:00:01]} 3. Nc3 {[%emt 0:00:03]} Bb4 {[%emt 0:00:03]} 4. e3 {[%emt 0:00:02]} O-O {[%emt 0:00:03]} 5. Bd2 {[%emt 0:00:02]} d5 {[%emt 0:00:11]} 6. cxd5 {[%emt 0:00:03]} exd5 {[%emt 0:00:05]} 7. Bd3 {[%emt 0:00:00]} Re8 {[%emt 0:01:04]} 8. Nf3 {[%emt 0:00:04]} Nbd7 {[%emt 0:00:14]} 9. O-O {[%emt 0:00:03]} c6 {[%emt 0:00:13]} 10. Qc2 {[%emt 0:00:13]} Bd6 {[%emt 0:00:10]} 11. Rab1 {[%emt 0:00:46]} Nf8 {[%emt 0:01:13]} 12. b4 {[%emt 0:00:06]} Bg4 {[%emt 0:00:03]} 13. Ne1 {[%emt 0:00:40]} a6 {[%emt 0:00:57]} 14. h3 {[%emt 0:00:04]} Bh5 {[%emt 0:00:07]} 15. f4 {[%emt 0:00:15]} Ne4 {[%emt 0:02:07]} 16. Nxe4 {[%emt 0:03:09]} dxe4 {[%emt 0:00:00]} 17. Bxe4 {[%emt 0:00:03]} f6 {[%emt 0:03:56]} 18. Nf3 {[%emt 0:01:31]} Bf7 {[%emt 0:00:27]} 19. Bd3 {[%emt 0:00:18]} Bc7 {[%emt 0:01:27]} 20. Rbd1 {[%emt 0:00:28]} Qd7 {[%emt 0:00:33]} 21. Rfe1 {[%emt 0:01:21]} Rad8 {[%emt 0:00:38]} 22. a4 {[%emt 0:00:06]} Kh8 {[%emt 0:01:08]} 23. Rb1 {[%emt 0:00:05]} Ra8 {[%emt 0:00:07]} 24. Rb2 {[%emt 0:00:52]} Bg6 {[%emt 0:00:22]} 25. Bxg6 {[%emt 0:00:47]} Nxg6 {[%emt 0:00:02]} 26. b5 {[%emt 0:00:35]} axb5 {[%emt 0:00:55]} 27. axb5 {[%emt 0:00:00]} cxb5 {[%emt 0:00:01]} 28. Qd3 {[%emt 0:00:32]} Ba5 {[%emt 0:00:11]} 29. Bxa5 {[%emt 0:03:23]} Rxa5 {[%emt 0:00:00]} 30. Reb1 {[%emt 0:00:05]} Qe7 {[%emt 0:00:15]} 31. f5 {[%emt 0:00:35]} Nf8 {[%emt 0:00:04]} 32. Kf2 {[%emt 0:00:17]} Ra3 {[%emt 0:00:05]} 33. Rb3 {[%emt 0:00:03]} b4 {[%emt 0:00:19]} 34. Qc4 {[%emt 0:00:20]} Nd7 {[%emt 0:00:27]} 35. Qxb4 {[%emt 0:00:38]} Qxb4 {[%emt 0:00:03]} 36. Rxb4 {[%emt 0:00:00]} Raxe3 {[%emt 0:00:03]} 37. Rxb7 {[%emt 0:00:02]} Nf8 {[%emt 0:00:08]} 38. Rb8 {[%emt 0:00:05]} R3e7 {[%emt 0:00:02]} 39. Rxe8 {[%emt 0:00:03]} Rxe8 {[%emt 0:00:02]} 40. Rb7 {[%emt 0:00:01]} Kg8 {[%emt 0:00:07]} 41. g4 {[%emt 0:00:12]} Rd8 {[%emt 0:00:10]} 42. Ke3 {[%emt 0:00:04]} Nd7 {[%emt 0:00:02]} 43. Nd2 {[%emt 0:00:07]} Kf8 {[%emt 0:00:03]} 44. Ne4 {[%emt 0:00:04]} Ke8 {[%emt 0:00:07]} 45. Nc5 {[%emt 0:00:04]} Ke7 {[%emt 0:00:15]} 46. Ke4 {[%emt 0:00:07]} Kd6 {[%emt 0:00:06]} 47. Rxd7+ {[%emt 0:00:06]} Rxd7 {[%emt 0:00:00]} 48. Nxd7 {[%emt 0:00:00]} Kxd7 {[%emt 0:00:00]} 49. Kd5 {[%emt 0:00:02]} 1-0